In Ishmael's house : a history of Jews in Muslim lands /

Saved in:

Main Author: Gilbert, Martin, 1936-2015 (Author)

Format: Book

Language: English

Published: New Haven, Connecticut ; London : Yale University Press, 2010.

Subjects:

Tags: Add Tag

No Tags, Be the first to tag this record!

Call Number: BP173 .J8 G54 2010

LEADER 01925namaa2200289 4500
001 21963
003 OSt
005 20211027091229.0
008 130303s2010 ctuabf g b 001 0 eng d
952 |0 0  |1 0  |2 lcc  |4 0  |6 BP0173 J8 G54 02010  |7 1  |9 21800  |a ARCE  |b ARCE  |d 2021-10-27  |l 0  |o BP173 .J8 G54 2010  |p 1012206  |r 2021-10-27 00:00:00  |w 2021-10-27  |y BK 
999 |c 21569  |d 21569 
010 |a 2011378613 
020 |a 9780300167153 
040 |c ARCE Library 
050 4 |a BP173 .J8 G54 2010 
100 1 |a Gilbert, Martin,  |d 1936-2015,  |e author 
245 1 0 |a In Ishmael's house :  |b a history of Jews in Muslim lands /  |c Martin Gilbert. 
264 1 |a New Haven, Connecticut ;  |a London :  |b Yale University Press,  |c 2010. 
300 |a xxiii, 424 pages, [16] of plates :  |b illustrations, maps ;  |c 24 cm. 
504 |a Includes bibliographical references (pages [380]-398) and index. 
505 0 |a Before Islam -- The prophet Mohammed and the Jews -- The first four hundred years under Islam -- Jews and Muslims in the age of the Crusades -- The Ottoman sultans and other Muslim rulers, 1324-1699 -- The eighteenth and nineteenth centuries -- Progress and peril : toward the twentieth century -- The first years of the twentieth century and the emergence of Zionism -- Jewish and Arab nationalism : the first world war and after -- The nineteen thirties -- The second world war : a time of danger -- Towards liberation, and an uncertain future -- The United Nations Palestine Partition resolution -- The creation of the State of Israel, 14 May 1948 -- Iraq, 1948-1952 -- Egypt, 1951-1961 -- The exodus continues, 1950-1967 -- The Six-Day War of 1967 and its aftermath -- A new life in new lands -- The search for recognition -- Jews who remain in Muslim lands. 
555 |a wafaa.lib 
650 0 |a Judaism  |x Relations  |x Islam. 
650 0 |a Islam  |x Relations  |x Judaism. 
650 0 |a Jews  |z Islamic countries  |x History. 
901 |a reviewed 
942 |c BK  |2 lcc